header

The perfect servant (Record no. 227003)

MARC details
000 -LEADER
fixed length control field 01311nam a22003254a 4500
082 04 - DEWEY DECIMAL CLASSIFICATION NUMBER
Classification number 305.3/09495
100 1# - MAIN ENTRY--AUTHOR NAME
Personal name Ringrose, Kathryn M.
245 14 - TITLE STATEMENT
Title The perfect servant
260 ## - PUBLICATION, DISTRIBUTION, ETC. (IMPRINT)
Place of publication Chicago :
Name of publisher University of Chicago Press,
Year of publication c2003.
300 ## - PHYSICAL DESCRIPTION
Number of Pages xiv, 295 p. :
Other physical details ill.
650 #0 - SUBJECT ADDED ENTRY--TOPICAL TERM
Topical Term Eunuchs
Topical Term Sex role
856 40 - ELECTRONIC LOCATION AND ACCESS
Uniform Resource Identifier http://site.ebrary.com/lib/rucke/Doc?id=10210001

No items available.

© 2026 Rongo University
Contact us: librarian | system librarian | Rongo university